000 00315nam a2200121Ia 4500
008 220204s9999 xx 000 0 und d
082 _a631.459:631.61(540)
_bRAM
100 _aRAMA RAO, M S V
245 0 _aSoil conservation in India
260 _aNew Delhi
_bICAR
_c1962
650 _aSoil conservation
942 _cBK
999 _c19280
_d19280